La epidermis de la tierra (Registro nro. 3141)

Detalles MARC
000 -LEADER
fixed length control field 00950 a2200217 4500
001 - CONTROL NUMBER
control field 39908
005 - DATE AND TIME OF LATEST TRANSACTION
control field 20260407155655.0
008 - FIXED-LENGTH DATA ELEMENTS--GENERAL INFORMATION
fixed length control field 260407a1969 arg spa d
003 - CONTROL NUMBER IDENTIFIER
control field AR-UNSa-BCEJYS
040 ## - CATALOGING SOURCE
Original cataloging agency AR-UNSa-BCEJYS
Language of cataloging spa
Transcribing agency AR-UNSa-BCEJYS
080 ## - UNIVERSAL DECIMAL CLASSIFICATION NUMBER
Universal Decimal Classification number 913
Common auxiliary subdivision Geografía regional en general. Geografía del mundo antiguo<br/>
100 1# - MAIN ENTRY--PERSONAL NAME
Personal name Tricart, Jean
245 10 - TITLE STATEMENT
Title La epidermis de la tierra
264 #1 - PRODUCTION, PUBLICATION, DISTRIBUTION, MANUFACTURE, AND COPYRIGHT NOTICE
Place of production, publication, distribution, manufacture Barcelona :
Name of producer, publisher, distributor, manufacturer Labor
Date of production, publication, distribution, manufacture, or copyright notice 1969
300 ## - PHYSICAL DESCRIPTION
Extent 178 p.
Dimensions 20 cm.
505 ## - FORMATTED CONTENTS NOTE
Formatted contents note 1. Introducción - 2. La geomorfología y la elección de los emplazamientos urbanos e industriales - 3. Geomorfología y ordenación rural - 4. Geomorfología y ordenación rural - 5. Geomorfología y vías de comunicación - 6. Geomorfología e instalaciones hidráulicas - 7. Geomorfología y proscripción minera - 8. Conclusión
590 ## - LOCAL NOTE (RLIN)
Local note niveau_biblio:m niveau_hierar:0
700 1# - ADDED ENTRY--PERSONAL NAME
Personal name Gutierrez, Fernando
700 1# - ADDED ENTRY--PERSONAL NAME
Personal name Candel Vila, Rafael
942 ## - ADDED ENTRY ELEMENTS (KOHA)
Koha item type
Existencias
Withdrawn status Lost status Damaged status Not for loan Home library Current library Shelving location Date acquired Total checkouts Full call number Barcode Date last seen Price effective from Koha item type
        Biblioteca Prof. Eusebio Cleto del Rey Biblioteca Prof. Eusebio Cleto del Rey   07/04/2026   913 T823 L21861 07/04/2026 07/04/2026 Libro
        Biblioteca Prof. Eusebio Cleto del Rey Biblioteca Prof. Eusebio Cleto del Rey   07/04/2026   913 T823 L21862 07/04/2026 07/04/2026 Libro